Top Hated Countries - Statistics

General Stats
  • This quiz has been taken 132 times
  • The average score is 12 of 15
Answer Stats
Region Country % Correct
Asia China
96%
North America Usa
92%
Eurasia Russia
91%
Middle East Iraq
86%
Middle East Israel
85%
Europe France
81%
Europe Germany
81%
Asia Japan
81%
Europe UK
81%
Asia North Korea
79%
Middle East Saudi Arabia
78%
Middle East Syria
76%
Asia India
72%
Middle East Afghanistan
71%
Asia Pakistan
71%
No matching quizzes found
Score Distribution
Percent of People with Each Score
Percentile by Number Answered
Your Score History
You have not taken this quiz